El Occidente bárbaro 400-1000 /

Professor Wallace-Hadrill traces the development of Western Europe from the dissolution of the late Roman Empire to the emergence, in the tenth century, of the individual states of medieval Europe.

I tiakina i:
Ngā taipitopito rārangi puna kōrero
Kaituhi matua: Wallace-Hadrill, J. M. (John Michael) (Author)
Ētahi atu kaituhi: Santano Moreno, Bernardo (Translator), Rojas Gabriel, Manuel, Uzquiza González, José Ignacio
Hōputu: Tāhiko īPukapuka
Reo:Pāniora
Ingarihi
I whakaputaina: Madrid : Cáceres (España) : Sílex ; Universidad de Extremadura, Servicio de Publicaciones, [2014]
Rangatū:In geardagum.
Ngā marau:
Urunga tuihono:Digitalia Hispánica
Tags: Tāpirihia he Tūtohu
No Tags, Be the first to tag this record!

MARC

LEADER 00000nam a2200000Ii 4500
001 DIGSLX0157
003 NyNyDIG
007 cr |||||||||||
008 161109s2014 sp b ob 001 0 spa d
006 m o d
035 |a (OCoLC)962400720 
040 |a DGITA  |b eng  |e rda  |e pn  |c DGITA 
020 |a 9788477378228  |q (eBook) 
020 |a 8477378223  |q (eBook) 
020 |z 9788477378211 
020 |z 8477378215 
041 1 |a spa  |h eng 
043 |a e------ 
050 1 4 |a D121 ebook 
082 0 4 |a 940.1  |2 23 
100 1 |a Wallace-Hadrill, J. M.  |q (John Michael),  |e author. 
240 1 0 |a Barbarian West 400-1000.  |l Spanish  |s (Santano Moreno) 
245 1 3 |a El Occidente bárbaro 400-1000 /  |c J.M. Wallace-Hadrill ; trad. Bernardo Santano Moreno con el asesoramiento de Manuel Rojas y José Ignacio Úzquiza. 
264 1 |a Madrid :  |b Sílex ;  |a Cáceres (España) :  |b Universidad de Extremadura, Servicio de Publicaciones,  |c [2014] 
300 |a 1 online resource :  |b map. 
336 |a text  |b txt  |2 rdacontent 
337 |a computer  |b c  |2 rdamedia 
338 |a online resource  |b cr  |2 rdacarrier 
490 1 |a Colección In Geapdazum 
504 |a Includes bibliographical references and index. 
520 |a Professor Wallace-Hadrill traces the development of Western Europe from the dissolution of the late Roman Empire to the emergence, in the tenth century, of the individual states of medieval Europe. 
588 0 |a Online resource; title from PDF title page (Digitalia, viewed November 11, 2016) 
651 0 |a Europe  |x History  |y 392-814. 
651 0 |a Europe  |x History  |y 476-1492. 
655 0 |a Electronic books. 
700 1 |a Santano Moreno, Bernardo,  |e translator. 
700 1 |a Rojas Gabriel, Manuel. 
700 1 |a Uzquiza González, José Ignacio. 
791 2 |a Digitalia (Firm),  |e distributor. 
793 0 |g Digitalia eBook Collection:  |a Sílex Ediciones 
776 0 8 |i Print version:  |a Wallace-Hadrill, J. M. (John Michael)  |s Barbarian West 400-1000. Spanish.  |t Occidente bárbaro 400-1000.  |d Madrid : Sílex ; Cáceres : Universidad de Extremadura, Servicio de publicaciones, [2014]  |z 9788477378211 
830 0 |a In geardagum. 
856 4 0 |3 Digitalia Hispánica  |u https://digitalia.unach.elogim.com/a/30362/ 
910 |a Premium Collection: 2016